World Series Starters Quiz - Statistics

General Stats
  • This quiz has been taken 65 times
  • The average score is 81 of 252
Answer Stats
Hint Answer % Correct
David Ortiz
77%
Mookie Betts
77%
Anthony Rizzo
74%
Derek Jeter
74%
Jose Altuve
74%
JD Martinez
72%
Tino Martinez
72%
Dustin Pedroia
70%
Alex Rodriguez
67%
2003 Florida Marlins Ivan Rodriguez
67%
Kris Bryant
67%
Albert Pujols
65%
2010 San Francisco Giants | 2012 San Francisco Giants | 2014 San Francisco Giants Buster Posey
65%
Alex Gonzalez
63%
Carlos Correa
63%
Luis Gonzalez
63%
Manny Ramirez
63%
Marwin Gonzalez
63%
George Springer
60%
Alex Bregman
58%
Jackie Bradley Jr.
58%
Javier Baez
58%
1998 New York Yankees | 1999 New York Yankees | 2000 New York Yankees | 2009 New York Yankees Jorge Posada
56%
Rafael Devers
56%
Ryan Howard
56%
Xander Bogaerts
56%
Chipper Jones
53%
2002 Anaheim Angels Bengie Molina
51%
Bernie Williams
51%
Joe Carter
51%
Juan Pierre
51%
Matt Williams
51%
Miguel Cabrera
51%
Orlando Cabrera
51%
2006 St. Louis Cardinals | 2011 St. Louis Cardinals Yadier Molina
51%
Brandon Belt
49%
Brandon Crawford
49%
Jason Heyward
49%
Kyle Schwarber
49%
Chase Utley
47%
Jimmy Rollins
47%
2016 Chicago Cubs Willson Contreras
47%
Ben Zobrist
44%
Hunter Pence
44%
Paul O'Neill
44%
Yuli Gurriel
44%
Alex Gordon
42%
Dexter Fowler
42%
Eric Hosmer
42%
2004 Boston Red Sox | 2007 Boston Red Sox Jason Varitek
42%
Pablo Sandoval
42%
2015 Kansas City Royals Salvador Perez
42%
Addison Russell
40%
1997 Florida Marlins Charles Johnson
40%
Chili Davis
40%
David Freese
40%
Eric Davis
40%
Kirby Puckett
40%
Lorenzo Cain
40%
Mark Teixeira
40%
Roberto Alomar
40%
Scott Rolen
40%
Cody Ross
37%
2013 Boston Red Sox David Ross
37%
Hideki Matsui
37%
Robinson Cano
37%
Chuck Knoblauch
35%
Josh Reddick
35%
Kevin Millar
35%
Brett Gardner
33%
Johnny Damon
33%
Kevin Youkilis
33%
Paul Konerko
33%
Barry Larkin
30%
Tim Salmon
30%
Andrew Benintendi
28%
2017 Houston Astros Brian McCann
28%
Devon White
28%
Gary Sheffield
28%
Jacoby Ellsbury
28%
Jermaine Dye
28%
Matt Holliday
28%
Paul Molitor
28%
Scott Brosius
28%
Steve Pearce
28%
JD Drew
26%
Jim Edmonds
26%
Lance Berkman
26%
Mike Moustakas
26%
Shane Victorino
26%
Stephen Drew
26%
Alcides Escobar
23%
2018 Red Sox Christian Vazquez
23%
David Eckstein
23%
David Justice
23%
Edgar Renteria
23%
Evan Gattis
23%
Garret Anderson
23%
1995 Atlanta Braves Javy Lopez
23%
Jayson Werth
23%
Mike Lowell
23%
Mike Napoli
23%
Rickey Henderson
23%
Bill Mueller
21%
Chris Sabo
21%
Derek Lee
21%
John Olerud
21%
Kent Hrbek
21%
Manuel Lee
21%
Mark Bellhorn
21%
Nick Swisher
21%
Tony Glaus
21%
Trot Nixon
21%
2005 Chicago White Sox AJ Pierzynski
19%
Angel Pagan
19%
2008 Philadelphia Phillies Carlos Ruiz
19%
Cecil Fielder
19%
Craig Counsell
19%
Fred McGriff
19%
Jeff Conine
19%
Joe Panik
19%
Luis Castillo
19%
Candy Maldonado
16%
Chris Duncan
16%
2001 Arizona Diamondbacks Damian Miller
16%
Freddy Sanchez
16%
1990 Cincinnati Reds Joe Oliver
16%
Kelly Gruber
16%
Marco Scutaro
16%
Mariano Duncan
16%
Mark Grace
16%
Moises Alou
16%
Preston Wilson
16%
Tony Fernandez
16%
Alex Rios
14%
Allen Craig
14%
1991 Minnesota Twins Brian Harper
14%
Brock Holt
14%
Chad Curtis
14%
Darryl Strawberry
14%
Dave Winfield
14%
Greg Gagne
14%
1996 New York Yankees Joe Girardi
14%
Jonny Gomes
14%
Julio Lugo
14%
Kendrys Morales
14%
Mark Lemke
14%
Pat Burrell
14%
Reggie Sanders
14%
Todd Benzinger
14%
Tony Womack
14%
Aubrey Huff
12%
Charlie Hayes
12%
Ed Sprague
12%
Hal Morris
12%
Joe Crede
12%
Marquis Grissom
12%
1992 Toronto Blue Jays | 1993 Toronto Blue Jays Pat Borders
12%
Rafael Belliard
12%
Rafael Furcal
12%
Ronnie Belliard
12%
Ryan Klesko
12%
Scott Podsednik
12%
Shane Mack
12%
Travis Ishikawa
12%
Adam Kennedy
9%
Billy Hatcher
9%
Bobby Bonilla
9%
Daniel Nava
9%
Danny Bautista
9%
Darin Erstad
9%
Gregor Blanco
9%
Jon Jay
9%
Juan Uribe
9%
Mike Morse
9%
Pedro Feliz
9%
Ricky Ledee
9%
Tadahito Iguchi
9%
Aaron Rowand
7%
Dan Gladden
7%
Juan Encarnacion
7%
Scott Leius
7%
Steve Finley
7%
Darren Daulton
5%
Eric Bruntlett
5%
Nick Punto
5%
Ryan Theriot
5%
Scott Spiezio
5%
So Taguchi
5%
Andres Torres
2%
Brad Fullmer
2%
Carl Everett
2%
Jose Vizcaino
2%
Luis Polonia
2%
Nate Schierholtz
2%
No matching quizzes found
Score Distribution
Percent of People with Each Score
Percentile by Number Answered
Your Score History
You have not taken this quiz